[Event "Tournament 14459 - Europe Echecs"]
[Site "Europe Echecs"]
[Date "2020.07.07"]
[Round "6"]
[Time "16:43:34"]
[PlyCount "50"]
[White "BriandEdouard"]
[Black "SpagnoloLouis"]
[WhiteElo "1038"]
[BlackElo "1141"]
[Mode "WEB"]
[Result "1-0"]

1. e4 c5 2. c3 e6 3. d4 cxd4 4. cxd4 Nf6 5. e5 Nd5 6. Bc4 Nb6 7. Bb3 Bb4+ 8. Nc3
O-O 9. Qg4 Nd5 10. Nge2 Nxc3 11. Nxc3 Kh8 12. O-O Qc7 13. Ne4 d5 14. Ng5 Be7 15.
Qh5 Bxg5 16. Bxg5 Qb6 17. Bc2 g6 18. Qh6 f6 19. Bxf6+ Rxf6 20. exf6 Qc7 21. Rac1
Qf7 22. Bd3 Nc6 23. g4 Qxf6 24. g5 Qxd4 25. Qf8# {SpagnoloLouis est échec et mat} 1-0

[Event "Tournament 14459 - Europe Echecs"]
[Site "Europe Echecs"]
[Date "2020.07.07"]
[Round "6"]
[Time "16:43:34"]
[PlyCount "74"]
[White "CotterchioJade"]
[Black "ColinFelix"]
[WhiteElo "1130"]
[BlackElo "799"]
[Mode "WEB"]
[Result "1-0"]

1. e4 e5 2. Nf3 Nc6 3. Bc4 Nf6 4. Ng5 d6 5. Nxf7 Qd7 6. Nxh8 Qd8 7. Nf7 Qe7 8.
Ng5 Bg4 9. Nf3 Nxe4 10. Nc3 Nxc3 11. dxc3 O-O-O 12. Bg5 d5 13. Bxe7 Bxe7 14.
Bxd5 h6 15. Be6+ Kb8 16. Bd7 Bxd7 17. O-O Na5 18. Nxe5 Bd6 19. Nxd7+ Rxd7 20.
Qh5 Rd8 21. Qxa5 Rc8 22. Qa4 a6 23. Rfe1 Bc5 24. Re8 Rxe8 25. Qxe8+ Ka7 26. Qf7
Bd6 27. Qxg7 Bf4 28. Qd4+ b6 29. Qxf4 Kb7 30. Qxh6 a5 31. b4 axb4 32. cxb4 Kb8
33. b5 Kb7 34. Qc6+ Kc8 35. Re1 Kb8 36. Re8+ Ka7 37. Ra8# {ColinFelix est échec et mat} 1-0

[Event "Tournament 14459 - Europe Echecs"]
[Site "Europe Echecs"]
[Date "2020.07.07"]
[Round "6"]
[Time "16:43:34"]
[PlyCount "29"]
[White "DinoniAttaliMy"]
[Black "BernardiNicola"]
[WhiteElo "1129"]
[BlackElo "799"]
[Mode "WEB"]
[Result "0-1"]

1. d4 f6 2. c4 e5 3. e3 Nc6 4. Bd3 exd4 5. exd4 Nxd4 6. Bg6+ hxg6 7. Qxd4 Qe7+
8. Ne2 Qe6 9. Nbc3 Bb4 10. Bd2 Bxc3 11. Bxc3 b6 12. Qd1 Bb7 13. O-O Qc6 14. Re1
Qxg2# {DinoniAttaliMy est échec et mat} 0-1

[Event "Tournament 14459 - Europe Echecs"]
[Site "Europe Echecs"]
[Date "2020.07.07"]
[Round "6"]
[Time "16:43:34"]
[PlyCount "101"]
[White "LoosliTheo"]
[Black "TurchiMatteo"]
[WhiteElo "799"]
[BlackElo "1129"]
[Mode "WEB"]
[Result "0-1"]

1. e4 e5 2. Nf3 Nc6 3. Nc3 Nf6 4. d4 exd4 5. Nxd4 Bc5 6. Nf3 Ng4 7. Be3 Bxe3 8.
fxe3 Nxe3 9. Qd3 Nxf1 10. Qxf1 O-O 11. Qe2 d6 12. O-O-O Bg4 13. h3 Bh5 14. Qf2
Bxf3 15. Qxf3 Qg5+ 16. Kb1 f5 17. exf5 Qxf5 18. Rhf1 Qxf3 19. Rxf3 Rxf3 20. gxf3
Rf8 21. Rf1 a6 22. Nd5 Rf7 23. f4 Nd4 24. h4 c6 25. Nc3 Ne2 26. Nxe2 Re7 27. Nc3
d5 28. Na4 b5 29. Nc5 Kf7 30. Nxa6 Kf6 31. Nc5 h6 32. f5 g6 33. fxg6+ Kxg6 34.
Rg1+ Kh5 35. Rh1 Rg7 36. Nd3 Rg4 37. Ne5 Rxh4 38. Rxh4+ Kxh4 39. Nxc6 Kg3 40.
Kc1 h5 41. Kd1 h4 42. Ke1 Kg2 43. Nd4 h3 44. Ne2 h2 45. Nd4 h1=Q+ 46. Ke2 Qh5+
47. Ke1 Qe5+ 48. Ne2 Kf3 49. Kf1 Qxe2+ 50. Kg1 Qg2# {LoosliTheo est échec et mat} 0-1

[Event "Tournament 14459 - Europe Echecs"]
[Site "Europe Echecs"]
[Date "2020.07.07"]
[Round "6"]
[Time "16:43:34"]
[PlyCount "74"]
[White "ManvieuPaul"]
[Black "NormandPaulArt"]
[WhiteElo "1018"]
[BlackElo "1120"]
[Mode "WEB"]
[Result "1-0"]

1. e4 e5 2. Nf3 Nc6 3. d4 f6 4. Bc4 Be7 5. c3 d6 6. Qb3 Nh6 7. Bxh6 gxh6 8. Bf7+
Kf8 9. Bh5 Qe8 10. Bxe8 Kxe8 11. Nbd2 a5 12. d5 Nd8 13. Qb5+ Bd7 14. Qb3 a4 15.
Qc2 Rg8 16. Rg1 c6 17. dxc6 bxc6 18. Ke2 Bg4 19. b3 axb3 20. axb3 Rxa1 21. Rxa1
Bxf3+ 22. Kxf3 d5 23. exd5 cxd5 24. g3 e4+ 25. Kg2 Rf8 26. f3 exf3+ 27. Nxf3 Ne6
28. Qe2 Nd8 29. Ra8 Rg8 30. Ra7 Rg7 31. Nh4 Rf7 32. Nf5 Rg7 33. Nxg7+ Kf7 34.
Qxe7+ Kg6 35. Qxd8 Kg5 36. Qxd5+ Kg6 37. Qh5# {NormandPaulArt est échec et mat} 1-0

[Event "Tournament 14459 - Europe Echecs"]
[Site "Europe Echecs"]
[Date "2020.07.07"]
[Round "6"]
[Time "16:43:34"]
[PlyCount "78"]
[White "VirgoNathan"]
[Black "RodionovVadim"]
[WhiteElo "1560"]
[BlackElo "1134"]
[Mode "WEB"]
[Result "1-0"]

1. e4 e6 2. Nf3 d5 3. exd5 exd5 4. Nc3 Nf6 5. d4 Bd6 6. Bd3 Bg4 7. h3 Bh5 8. Be2
Nc6 9. Bg5 Bb4 10. a3 Bxf3 11. Bxf3 Bxc3+ 12. bxc3 O-O 13. Qd2 Re8+ 14. Be2 Ne4
15. Bxd8 Nxd2 16. Bxc7 Nc4 17. Kf1 Re7 18. Bxc4 dxc4 19. Bd6 Re6 20. Bc5 b6 21.
d5 Rd6 22. Bxd6 Rd8 23. dxc6 Rxd6 24. c7 Rc6 25. Re1 Kf8 26. Rd1 Rxc7 27. Ke2
Ke7 28. Kf3 Kf6 29. Rd4 b5 30. Rhd1 Kg5 31. Rd7 Rc6 32. Rxf7 Ra6 33. Rxg7+ Kf6
34. Rdd7 Rxa3 35. Rdf7+ Ke6 36. Rxh7 Rxc3+ 37. Ke4 Rxc2 38. Rxa7 Rb2 39. Ra6# {RodionovVadim est échec et mat} 1-0

[Event "Tournament 14459 - Europe Echecs"]
[Site "Europe Echecs"]
[Date "2020.07.07"]
[Round "6"]
[Time "16:43:34"]
[PlyCount "39"]
[White "KiyendeLibataE"]
[Black "LoppinLylou"]
[WhiteElo "1360"]
[BlackElo "1102"]
[Mode "WEB"]
[Result "0-1"]

1. e4 e5 2. Nf3 Nc6 3. Bb5 Nf6 4. Bxc6 bxc6 5. Nc3 Be7 6. d4 exd4 7. Nxd4 d5 8.
exd5 cxd5 9. Nc6 Qd7 10. Ne5 Qe6 11. f4 O-O 12. O-O Bc5+ 13. Kh1 Ba6 14. Re1 Bf2
15. Ng6 Bxe1 16. Nxf8 Rxf8 17. Bd2 Bxd2 18. g4 Bxf4 19. Qd2 Bxd2 {KiyendeLibataE a abandonné} 0-1

[Event "Tournament 14459 - Europe Echecs"]
[Site "Europe Echecs"]
[Date "2020.07.07"]
[Round "6"]
[Time "16:43:34"]
[PlyCount "44"]
[White "RosuAlexandru"]
[Black "OliveiraMateo"]
[WhiteElo "1126"]
[BlackElo "1317"]
[Mode "WEB"]
[Result "1-0"]

1. e4 e5 2. Nf3 Nc6 3. Bc4 Bc5 4. Nc3 Nf6 5. d3 d6 6. Bg5 Bg4 7. h3 Bh5 8. Nd5
Nd4 9. Bxf6 gxf6 10. c3 Nxf3+ 11. gxf3 c6 12. Ne3 Bxe3 13. fxe3 Qb6 14. Qd2 Bxf3
15. Rg1 Ke7 16. Qf2 Bh5 17. Rf1 Kd8 18. Qxf6+ Kd7 19. Bxf7 Rhf8 20. Qe6+ Kd8 21.
Qxd6+ Kc8 22. Be6# {OliveiraMateo est échec et mat} 1-0

[Event "Tournament 14459 - Europe Echecs"]
[Site "Europe Echecs"]
[Date "2020.07.07"]
[Round "6"]
[Time "16:43:34"]
[PlyCount "92"]
[White "ZylbersztejnDo"]
[Black "SevindikKaan"]
[WhiteElo "1316"]
[BlackElo "799"]
[Mode "WEB"]
[Result "1-0"]

1. e4 d5 2. exd5 Qxd5 3. d4 e5 4. Be3 Bb4+ 5. c3 Bxc3+ 6. Nxc3 Qd6 7. Nf3 Bg4 8.
Bb5+ c6 9. Be2 c5 10. dxc5 Qxd1+ 11. Rxd1 Nf6 12. Nxe5 Bxe2 13. Nxe2 O-O 14. O-O
Re8 15. Nf3 Nc6 16. Nc3 Re7 17. Rfe1 Rae8 18. Bg5 h6 19. Bh4 g5 20. Bg3 Rxe1+
21. Rxe1 Rxe1+ 22. Nxe1 h5 23. Bd6 h4 24. h3 b6 25. cxb6 axb6 26. Bc7 g4 27.
hxg4 Nxg4 28. Bxb6 f5 29. Nf3 f4 30. Nxh4 Nce5 31. f3 Nf6 32. Bd4 Nxf3+ 33. gxf3
Nh5 34. a4 Ng3 35. a5 Kf8 36. a6 Kf7 37. a7 Ke6 38. a8=Q Nf5 39. Qe8+ Kd6 40.
Nxf5+ Kc7 41. Qe6 Kb7 42. Qd6 Ka8 43. Qd8+ Kb7 44. Qd7+ Ka6 45. Qc6+ Ka5 46.
Qb5# {SevindikKaan est échec et mat} 1-0

[Event "Tournament 14459 - Europe Echecs"]
[Site "Europe Echecs"]
[Date "2020.07.07"]
[Round "6"]
[Time "16:43:34"]
[PlyCount "63"]
[White "ClaverieCharle"]
[Black "BernardInes"]
[WhiteElo "1065"]
[BlackElo "1250"]
[Mode "WEB"]
[Result "0-1"]

1. e4 e5 2. f4 Nf6 3. fxe5 Nxe4 4. Nf3 Bc5 5. d4 Bb6 6. Bd3 d5 7. c4 Bg4 8. O-O
f6 9. cxd5 Qxd5 10. Qe1 Ng5 11. Nxg5 fxg5 12. Bxg5 Bxd4+ 13. Rf2 Bxf2+ 14. Qxf2
Qxd3 15. Nc3 Qd7 16. Rf1 Bh5 17. Nb5 Na6 18. b3 Qxb5 19. Qf7+ Bxf7 20. Re1 O-O
21. e6 Bxe6 22. Rxe6 Qb4 23. h3 Qc5+ 24. Be3 Qd5 25. Re7 Qd6 26. Re4 Rfe8 27.
Rxe8+ Rxe8 28. Bg5 h6 29. Bc1 Re1+ 30. Kf2 Rxc1 31. Ke3 Rc3+ {ClaverieCharle a abandonné} 0-1

[Event "Tournament 14459 - Europe Echecs"]
[Site "Europe Echecs"]
[Date "2020.07.07"]
[Round "6"]
[Time "16:43:34"]
[PlyCount "56"]
[White "GrangeonEdouar"]
[Black "MinaudierMouss"]
[WhiteElo "799"]
[BlackElo "1410"]
[Mode "WEB"]
[Result "1-0"]

1. e4 e5 2. Nf3 Nc6 3. Bc4 Bc5 4. c3 d6 5. d4 exd4 6. cxd4 Bb4+ 7. Bd2 Bxd2+ 8.
Qxd2 Be6 9. d5 Qf6 10. dxe6 Qxe6 11. Bxe6 fxe6 12. Ng5 Ne5 13. Nxe6 Nc4 14. Qc3
Ne5 15. Nxc7+ Kd8 16. Nxa8 Nf6 17. Qc7+ Ke8 18. Qc8+ Kf7 19. Qxh8 Ned7 20. Qc8
Ne5 21. Qc7+ Ke6 22. Qxb7 Nxe4 23. Qxe4 d5 24. Nc7+ Kd7 25. Nxd5 Kd6 26. Nbc3
Nf7 27. Qe7+ Kc6 28. Qc7# {MinaudierMouss est échec et mat} 1-0

[Event "Tournament 14459 - Europe Echecs"]
[Site "Europe Echecs"]
[Date "2020.07.07"]
[Round "6"]
[Time "16:43:34"]
[PlyCount "99"]
[White "KhantalinaIlar"]
[Black "RomangNicolasT"]
[WhiteElo "1580"]
[BlackElo "1090"]
[Mode "WEB"]
[Result "1/2-1/2"]

1. e4 c6 2. Nf3 d5 3. exd5 cxd5 4. d4 Bg4 5. Be2 e6 6. c4 Bxf3 7. Bxf3 Bd6 8.
cxd5 exd5 9. O-O Qh4 10. g3 Qh3 11. Bg2 Qf5 12. Re1+ Ne7 13. Qa4+ Nbc6 14. Nc3
O-O 15. Qb5 Rab8 16. Nxd5 Nxd5 17. Qxd5 Qxd5 18. Bxd5 Ne7 19. Bg2 Nf5 20. Be3
Bb4 21. Red1 Rfe8 22. Bf4 Rbd8 23. Be5 f6 24. Bc7 Rd7 25. Bf4 Rde7 26. Bd5+ Kf8
27. Bd2 Bxd2 28. Rxd2 Rd7 29. Bg2 Rxd4 30. Rxd4 Nxd4 31. Bxb7 Re2 32. Ba6 Rxb2
33. a4 Nc2 34. Rc1 Nb4 35. Rc8+ Kf7 36. Bc4+ Ke7 37. Rc7+ Kd6 38. Rxa7 Rc2 39.
Bb5 Rc5 40. Rxg7 h5 41. Rh7 Ke6 42. Bd7+ Kd6 43. Bb5 Nc2 44. Rd7+ Ke6 45. Rd2
Na3 46. Re2+ Kd6 47. Rd2+ Ke6 48. Re2+ Kd6 49. Rd2+ Ke6 {Nulle par répétition} 1/2-1/2

[Event "Tournament 14459 - Europe Echecs"]
[Site "Europe Echecs"]
[Date "2020.07.07"]
[Round "6"]
[Time "16:43:34"]
[PlyCount "39"]
[White "ErudelMaeva"]
[Black "MindeTimothe"]
[WhiteElo "1500"]
[BlackElo "1075"]
[Mode "WEB"]
[Result "0-1"]

1. d4 d5 2. e3 e6 3. Bd3 c5 4. c3 Nc6 5. f4 cxd4 6. exd4 Bd6 7. Nf3 Nge7 8. O-O
O-O 9. Ne5 f6 10. Nxc6 Nxc6 11. g4 e5 12. dxe5 fxe5 13. fxe5 Nxe5 14. Rxf8+ Qxf8
15. Qe2 Bxg4 16. Qe3 Bc5 17. Qxc5 Qxc5+ 18. Kh1 Nxd3 19. Bd2 Bf3# {ErudelMaeva est échec et mat} 0-1

[Event "Tournament 14459 - Europe Echecs"]
[Site "Europe Echecs"]
[Date "2020.07.07"]
[Round "6"]
[Time "16:43:34"]
[PlyCount "49"]
[White "MenardEmma"]
[Black "WadelOlivier"]
[WhiteElo "1490"]
[BlackElo "1070"]
[Mode "WEB"]
[Result "0-1"]

1. d4 d5 2. Nf3 Nc6 3. g3 Bf5 4. Bg2 Nf6 5. O-O e6 6. Nc3 Bb4 7. Bg5 Rg8 8. Bxf6
Qxf6 9. Nb5 O-O-O 10. a3 Bd6 11. Nxd6+ Rxd6 12. b3 e5 13. dxe5 Nxe5 14. Nxe5
Qxe5 15. c4 dxc4 16. bxc4 Rxd1 17. Rfxd1 Qxe2 18. Bd5 Rd8 19. Re1 Qh5 20. Re7
Bh3 21. Rxf7 Rxd5 22. Rf8+ Rd8 23. Rxd8+ Kxd8 24. Ra2 Qd1# {MenardEmma est échec et mat} 0-1

[Event "Tournament 14459 - Europe Echecs"]
[Site "Europe Echecs"]
[Date "2020.07.07"]
[Round "6"]
[Time "16:43:34"]
[PlyCount "56"]
[White "RaffinLeon"]
[Black "TirateauTom"]
[WhiteElo "1080"]
[BlackElo "1440"]
[Mode "WEB"]
[Result "1-0"]

1. e4 e5 2. Bc4 Nf6 3. Nc3 Nc6 4. Nf3 Bb4 5. Nxe5 Nxe5 6. d4 Nxc4 7. Bg5 d6 8.
O-O O-O 9. Nd5 Nxd5 10. Bxd8 Rxd8 11. exd5 Nxb2 12. Qb1 Nc4 13. Qxb4 Nb6 14. Qb3
Bf5 15. f3 h6 16. g4 Bg6 17. f4 Re8 18. f5 Bh7 19. Rae1 Rxe1 20. Rxe1 a6 21. Re7
Rc8 22. a4 Kf8 23. Re2 f6 24. a5 Nd7 25. Qxb7 Rb8 26. Qxc7 Rb1+ 27. Kg2 g6 28.
Qd8+ {TirateauTom a perdu au temps} 1-0

[Event "Tournament 14459 - Europe Echecs"]
[Site "Europe Echecs"]
[Date "2020.07.07"]
[Round "6"]
[Time "16:43:34"]
[PlyCount "46"]
[White "RoganovaMaxime"]
[Black "GerandiPierreM"]
[WhiteElo "1082"]
[BlackElo "1330"]
[Mode "WEB"]
[Result "1-0"]

1. e4 e5 2. Nf3 Nc6 3. Bc4 d6 4. d3 Nf6 5. Ng5 Be6 6. Bxe6 fxe6 7. Nxe6 Qd7 8.
Nxf8 Kxf8 9. O-O Ke7 10. Bg5 h6 11. Bxf6+ gxf6 12. Nc3 Rhg8 13. Nd5+ Kd8 14.
Nxf6 Qg7 15. Nxg8 Qxg8 16. f4 exf4 17. Rxf4 Kd7 18. Qf3 Ne5 19. Qf1 Qg7 20. d4
Qh8 21. dxe5 dxe5 22. Rd1+ Kc8 23. Rf8+ {GerandiPierreM a abandonné} 1-0

[Event "Tournament 14459 - Europe Echecs"]
[Site "Europe Echecs"]
[Date "2020.07.07"]
[Round "6"]
[Time "16:43:34"]
[PlyCount "35"]
[White "RobertLouis"]
[Black "BenseddikYanis"]
[WhiteElo "1080"]
[BlackElo "1320"]
[Mode "WEB"]
[Result "1-0"]

1. e4 e5 2. Nf3 Bc5 3. Nxe5 Qf6 4. Nf3 Bxf2+ 5. Kxf2 Qb6+ 6. d4 Nf6 7. Nc3 d6 8.
Bc4 c5 9. dxc5 dxc5 10. Rf1 Bg4 11. Kg1 Bxf3 12. Qxf3 O-O 13. Bg5 Nbd7 14. Rad1
h6 15. Bh4 g5 16. Bg3 Rfe8 17. Nd5 Nxd5 {BenseddikYanis a abandonné} 1-0

[Event "Tournament 14459 - Europe Echecs"]
[Site "Europe Echecs"]
[Date "2020.07.07"]
[Round "6"]
[Time "16:43:34"]
[PlyCount "53"]
[White "FournierLucas"]
[Black "IentileTimeo"]
[WhiteElo "1320"]
[BlackElo "1064"]
[Mode "WEB"]
[Result "0-1"]

1. e4 d5 2. Nc3 d4 3. Nd5 e6 4. Qe2 exd5 5. exd5+ Be7 6. Nf3 Nf6 7. g3 Nxd5 8.
Bg2 c5 9. Ne5 Nf6 10. d3 Nc6 11. Nc4 Be6 12. Nd2 O-O 13. b3 Nb4 14. O-O Nxc2 15.
Rb1 Nb4 16. Bb2 Nxa2 17. Bd5 Bxd5 18. Rfc1 Nxc1 19. Rxc1 Re8 20. Ba3 Bd6 21. Rb1
Rxe2 22. b4 Rxd2 23. bxc5 Bxc5 24. Bxc5 Bc6 25. Bb4 Qd5 26. Bxd2 Qg2# {FournierLucas est échec et mat} 0-1

[Event "Tournament 14459 - Europe Echecs"]
[Site "Europe Echecs"]
[Date "2020.07.07"]
[Round "6"]
[Time "16:43:34"]
[PlyCount "128"]
[White "NicaudSebastie"]
[Black "HanszJules"]
[WhiteElo "1058"]
[BlackElo "1310"]
[Mode "WEB"]
[Result "1-0"]

1. e4 e5 2. Nf3 Nc6 3. c3 Nf6 4. d4 exd4 5. e5 Ng4 6. cxd4 Bb4+ 7. Nc3 d6 8.
exd6 Qxd6 9. Bd2 Nf6 10. Nb5 Bxd2+ 11. Qxd2 Qd7 12. Qe3+ Ne7 13. Ne5 Qg4 14.
Nxg4 Nxg4 15. Qg3 O-O 16. Nxc7 Rb8 17. Qd6 Nf5 18. Qf4 Nfh6 19. f3 Nf6 20. Bc4
Be6 21. Nxe6 Rbe8 22. O-O-O fxe6 23. Rhe1 Nd5 24. Bxd5 Rxf4 25. Bxe6+ Nf7 26.
Bxf7+ Rxf7 27. Rxe8+ Rf8 28. Rxf8+ Kxf8 29. Re1 Kf7 30. Re2 Kf6 31. Rf2 Ke6 32.
Re2+ Kd5 33. Rd2 b5 34. b4 a6 35. Re2 Kxd4 36. Re4+ Kc3 37. f4 Kd3 38. Re7 Kd4
39. f5 Kd5 40. Rxg7 Ke5 41. Rxh7 Kxf5 42. Ra7 Kf4 43. Rxa6 Ke4 44. Rb6 Kd4 45.
Rxb5 Kc4 46. Rb8 Kd5 47. Rc8 Kd6 48. Kb2 Kd7 49. Rc1 Ke6 50. Rd1 Kf5 51. Kc3 Kf4
52. Re1 Kg5 53. Rf1 Kg4 54. Kd4 Kg5 55. Ke4 Kg4 56. Rf8 Kg5 57. Ke5 Kg6 58. Rf3
Kg7 59. Ke6 Kh7 60. Rg3 Kh6 61. Kf5 Kh7 62. Kf6 Kh8 63. Kf7 Kh7 64. Rh3# {HanszJules est échec et mat} 1-0

[Event "Tournament 14459 - Europe Echecs"]
[Site "Europe Echecs"]
[Date "2020.07.07"]
[Round "6"]
[Time "16:43:34"]
[PlyCount "86"]
[White "ColinPenelope"]
[Black "FortinGuilhem"]
[WhiteElo "1290"]
[BlackElo "1043"]
[Mode "WEB"]
[Result "1-0"]

1. e4 e5 2. f4 exf4 3. Nf3 Nc6 4. Nc3 Nf6 5. d4 Bd6 6. e5 Be7 7. exf6 Bxf6 8.
Bxf4 O-O 9. Bd3 Re8+ 10. Be2 d6 11. O-O Bg4 12. Bd3 Bxf3 13. Qxf3 Bxd4+ 14. Kh1
Bxc3 15. bxc3 Qf6 16. Qh5 h6 17. Qg4 Ne5 18. Bxe5 Qxe5 19. Bc4 Re7 20. h3 Qg5
21. Qf3 Rf8 22. Qxb7 Re6 23. Bxe6 fxe6 24. Rxf8+ Kxf8 25. Rf1+ Kg8 26. Qxc7 Kh7
27. Qxd6 Qg6 28. Qd3 Qxd3 29. cxd3 Kg6 30. c4 h5 31. c5 e5 32. c6 e4 33. dxe4
Kg5 34. c7 h4 35. c8=Q Kh5 36. Qg4+ Kh6 37. Qxh4+ Kg6 38. Rf3 a6 39. Rg3+ Kf7
40. Qf4+ Kg8 41. Qg4 Kf8 42. Qxg7+ Ke8 43. Rf3 {FortinGuilhem a abandonné} 1-0

[Event "Tournament 14459 - Europe Echecs"]
[Site "Europe Echecs"]
[Date "2020.07.07"]
[Round "6"]
[Time "16:43:34"]
[PlyCount "65"]
[White "OgierDaniil"]
[Black "StrieviLeonie"]
[WhiteElo "1059"]
[BlackElo "1280"]
[Mode "WEB"]
[Result "0-1"]

1. d4 Nf6 2. Nf3 d5 3. g3 Nc6 4. Bg2 Bf5 5. a3 e6 6. O-O Bd6 7. Nbd2 O-O 8. c4
e5 9. cxd5 Nxd5 10. e4 Bg4 11. exd5 Nxd4 12. h3 Nxf3+ 13. Nxf3 Bf5 14. Be3 e4
15. Nd2 Qf6 16. Rb1 Rad8 17. Nxe4 Bxe4 18. Bxe4 Rfe8 19. Qd3 g6 20. Bd4 Qg5 21.
Qf3 c5 22. Bf6 Qh6 23. Bxd8 Rxd8 24. Qf6 Re8 25. Qxd6 Rxe4 26. Qd7 f5 27. Kh2 f4
28. Qxb7 fxg3+ 29. fxg3 Re2+ 30. Kg1 Qe3+ 31. Kh1 Qe4+ 32. Kg1 Qg2# {OgierDaniil est échec et mat} 0-1

[Event "Tournament 14459 - Europe Echecs"]
[Site "Europe Echecs"]
[Date "2020.07.07"]
[Round "6"]
[Time "16:43:34"]
[PlyCount "56"]
[White "TriboutMarius"]
[Black "DesfontaineArt"]
[WhiteElo "1037"]
[BlackElo "1250"]
[Mode "WEB"]
[Result "1-0"]

1. e4 e5 2. Nf3 Nc6 3. Nc3 Nf6 4. Bb5 Bc5 5. Nxe5 Nxe5 6. d4 Bb6 7. dxe5 Ng8 8.
O-O Nh6 9. Bxh6 gxh6 10. Qh5 Qe7 11. Nd5 Qe6 12. Nxb6 axb6 13. b3 c6 14. Bc4 Qe7
15. Rad1 Rg8 16. Rfe1 b5 17. Bd3 d6 18. exd6 Qxd6 19. e5 Qb4 20. Bxh7 Bg4 21.
Qh4 Bxd1 22. Rxd1 Rg7 23. Qxb4 Rxh7 24. Qd2 Kf8 25. Qd6+ Kg7 26. Rd3 Rxa2 27.
Rg3+ Kh8 28. Qf8# {DesfontaineArt est échec et mat} 1-0

[Event "Tournament 14459 - Europe Echecs"]
[Site "Europe Echecs"]
[Date "2020.07.07"]
[Round "6"]
[Time "16:43:34"]
[PlyCount "114"]
[White "LefortPierre"]
[Black "YakoubenBadis"]
[WhiteElo "1240"]
[BlackElo "1036"]
[Mode "WEB"]
[Result "1-0"]

1. e4 e5 2. Nf3 Nc6 3. Bb5 Nf6 4. Nc3 Bb4 5. Bxc6 dxc6 6. O-O O-O 7. Nxe5 Bxc3
8. dxc3 Re8 9. Qxd8 Rxd8 10. Bg5 Re8 11. Bxf6 gxf6 12. Nf3 Rxe4 13. Rfe1 Bf5 14.
Nd4 Rxe1+ 15. Rxe1 Bg6 16. h3 Kf8 17. a3 Re8 18. Rxe8+ Kxe8 19. f3 Kd7 20. Kf2
c5 21. Nb3 Bxc2 22. Nxc5+ Kc6 23. Ne4 Bxe4 24. fxe4 Kd6 25. Ke3 Ke5 26. b4 f5
27. exf5 Kxf5 28. g4+ Ke6 29. Ke4 c6 30. c4 b5 31. cxb5 cxb5 32. h4 f6 33. Kd4
Kd6 34. h5 h6 35. Ke4 Ke6 36. Kd4 Kd6 37. Kc3 Ke5 38. Kb3 Kd4 39. a4 bxa4+ 40.
Kxa4 Kc4 41. Ka5 Kb3 42. b5 Kc4 43. Ka6 Kc5 44. Ka5 Kd6 45. Ka6 Kc5 46. Kxa7
Kxb5 47. Kb7 Kc5 48. Kc7 Kd5 49. Kd7 Ke5 50. Ke7 Kf4 51. Kxf6 Kxg4 52. Kg6 Kh4
53. Kxh6 Kg4 54. Kg6 Kf4 55. h6 Ke5 56. h7 Ke6 57. h8=Q {YakoubenBadis a abandonné} 1-0

[Event "Tournament 14459 - Europe Echecs"]
[Site "Europe Echecs"]
[Date "2020.07.07"]
[Round "6"]
[Time "16:43:34"]
[PlyCount "61"]
[White "MadatyanEdgar"]
[Black "BatailleSimon"]
[WhiteElo "1020"]
[BlackElo "1230"]
[Mode "WEB"]
[Result "0-1"]

1. e4 c6 2. Nf3 d5 3. e5 Bf5 4. d4 e6 5. Nc3 c5 6. Be3 Nc6 7. dxc5 Qa5 8. Qd2
Bxc5 9. Bxc5 Qxc5 10. Na4 Qe7 11. Bb5 Qd7 12. Bxc6 Qxc6 13. Nc3 Ne7 14. Nd4 Qc4
15. Nxf5 Nxf5 16. Qg5 O-O 17. O-O-O Nh4 18. g4 Nf3 19. Qh5 d4 20. Ne4 d3 21.
Rxd3 Qxe4 22. g5 Nxe5 23. g6 Nxd3+ 24. cxd3 Qxh1+ 25. Kc2 h6 26. gxf7+ Rxf7 27.
b4 Qc6+ 28. Kb3 Rxf2 29. Qh4 Qd5+ 30. Ka4 Rxa2# {MadatyanEdgar est échec et mat} 0-1

[Event "Tournament 14459 - Europe Echecs"]
[Site "Europe Echecs"]
[Date "2020.07.07"]
[Round "6"]
[Time "16:43:34"]
[PlyCount "46"]
[White "StevensCharles"]
[Black "NicotAnna"]
[WhiteElo "1000"]
[BlackElo "1220"]
[Mode "WEB"]
[Result "1-0"]

1. d4 d5 2. Nf3 c5 3. Bg5 Qb6 4. Nc3 Qxb2 5. Nxd5 Bg4 6. Nc7+ Kd8 7. Nxa8 Nf6 8.
Bf4 Nc6 9. Nc7 Ne4 10. Nd5 e6 11. Ne3 Qb6 12. dxc5+ Nd6 13. cxb6 axb6 14. Nxg4
Be7 15. Bxd6 Bf6 16. Be5+ Kc8 17. Bxf6 gxf6 18. Nxf6 Rd8 19. Qb1 Na7 20. Qxb6
Nc6 21. e3 Kb8 22. Rb1 Kc8 23. Qxb7# {NicotAnna est échec et mat} 1-0

[Event "Tournament 14459 - Europe Echecs"]
[Site "Europe Echecs"]
[Date "2020.07.07"]
[Round "6"]
[Time "16:43:34"]
[PlyCount "114"]
[White "ToChu"]
[Black "DetrazLorna"]
[WhiteElo "1210"]
[BlackElo "1032"]
[Mode "WEB"]
[Result "1/2-1/2"]

1. e4 c5 2. Nf3 a6 3. g3 e6 4. Bg2 d5 5. Nc3 b5 6. a3 Bb7 7. d3 a5 8. Bf4 b4 9.
Bxb8 Rxb8 10. axb4 axb4 11. Na2 dxe4 12. dxe4 Bxe4 13. Qxd8+ Rxd8 14. c3 bxc3
15. Nxc3 Bc6 16. O-O Nf6 17. Ne5 Bxg2 18. Kxg2 Bd6 19. Nf3 O-O 20. Rfd1 e5 21.
Nb5 Bb8 22. Rxd8 Rxd8 23. Ra8 Rc8 24. Nxe5 Rf8 25. Nc6 Nd7 26. Ne7+ Kh8 27. Nc3
Be5 28. Rxf8+ Nxf8 29. Nc6 Nd7 30. Nxe5 Nxe5 31. Kf1 g5 32. Ke2 Kg7 33. Ke3 Nc4+
34. Ke4 Nxb2 35. Kd5 c4 36. h3 h5 37. f3 f5 38. Ke5 Kg6 39. g4 fxg4 40. hxg4
Nd3+ 41. Kd4 Ne1 42. gxh5+ Kxh5 43. Kxc4 Nxf3 44. Ne4 g4 45. Kd3 Kh4 46. Ke3 Ng5
47. Nf2 g3 48. Ke2 Ne6 49. Ne4 g2 50. Kf2 Kh3 51. Kg1 Nf4 52. Ng5+ Kg3 53. Ne4+
Kg4 54. Nf2+ Kf5 55. Nd3 Kg4 56. Nxf4 Kxf4 57. Kxg2 {Aucun joueur n'a le mat&eacute;riel pour mater} 1/2-1/2

[Event "Tournament 14459 - Europe Echecs"]
[Site "Europe Echecs"]
[Date "2020.07.07"]
[Round "6"]
[Time "16:43:34"]
[PlyCount "82"]
[White "EripretRaoul"]
[Black "LayadiYasmine"]
[WhiteElo "799"]
[BlackElo "1180"]
[Mode "WEB"]
[Result "1-0"]

1. d4 d5 2. Nc3 Nf6 3. Bf4 Bf5 4. Nb5 Na6 5. Nf3 e6 6. e3 Bd6 7. Bxd6 c6 8. Nc3
Qxd6 9. Bxa6 O-O 10. Bxb7 Rab8 11. Ba6 Rb6 12. Bd3 Bxd3 13. cxd3 c5 14. dxc5
Qxc5 15. Na4 Qa5+ 16. Nd2 Rc6 17. Qb3 g6 18. e4 dxe4 19. dxe4 Rd6 20. Qc2 Nxe4
21. Rd1 Rfd8 22. Nc3 Rc6 23. Qxe4 Rdc8 24. Rc1 f5 25. Qe3 g5 26. f4 Qb4 27. fxg5
e5 28. Qxe5 Rc5 29. Qe6+ Kf8 30. Qf6+ Ke8 31. Qh8+ Ke7 32. Qxh7+ Ke8 33. g6 Re5+
34. Kd1 Qg4+ 35. Kc2 Rec5 36. g7 Qa4+ 37. Kb1 Kf7 38. g8=Q+ Kf6 39. Qgf7+ Ke5
40. Qhxf5+ Kd6 41. Q5e6# {LayadiYasmine est échec et mat} 1-0

[Event "Tournament 14459 - Europe Echecs"]
[Site "Europe Echecs"]
[Date "2020.07.07"]
[Round "6"]
[Time "16:43:34"]
[PlyCount "46"]
[White "PalmierNathan"]
[Black "FonsatJeanMarc"]
[WhiteElo "1150"]
[BlackElo "1030"]
[Mode "WEB"]
[Result "1-0"]

1. e4 e5 2. f4 exf4 3. Nf3 d6 4. d4 Bg4 5. Be2 Bxf3 6. Bxf3 c6 7. O-O d5 8. exd5
cxd5 9. Bxf4 Bd6 10. Bxd6 Qxd6 11. Re1+ Ne7 12. Nc3 Nbc6 13. Nxd5 O-O 14. Nxe7+
Kh8 15. Nxc6 bxc6 16. c4 Qe6 17. Rxe6 fxe6 18. Bxc6 Rac8 19. Bd7 Rxc4 20. Bxe6
Rf6 21. Bxc4 Rf1+ 22. Qxf1 a6 23. Qf8# {FonsatJeanMarc est échec et mat} 1-0

[Event "Tournament 14459 - Europe Echecs"]
[Site "Europe Echecs"]
[Date "2020.07.07"]
[Round "6"]
[Time "16:43:34"]
[PlyCount "67"]
[White "RequenaPaulin"]
[Black "ClairThibaud"]
[WhiteElo "1140"]
[BlackElo "980"]
[Mode "WEB"]
[Result "0-1"]

1. e4 e5 2. Nf3 Nc6 3. Bc4 Nf6 4. Nc3 Be7 5. d3 b6 6. O-O Bb7 7. Be3 O-O 8. Qd2
h6 9. Rad1 d6 10. Rfe1 Nb4 11. Bd5 Nbxd5 12. Nxd5 Nxd5 13. exd5 Bxd5 14. b3 Bxf3
15. gxf3 Qc8 16. Kg2 f5 17. Qc3 f4 18. Qc4+ Kh8 19. Bd2 Rf5 20. Kh1 Rh5 21. Rg1
Qh3 22. Rg2 Qxf3 23. Qf7 Bf8 24. Qxc7 Rg5 25. Rdg1 Rxg2 26. Rxg2 Qd1+ 27. Rg1
Qxd2 28. c4 Qxf2 29. Qe7 Bxe7 30. Rg2 Qf1+ 31. Rg1 Qxd3 32. Rg6 Rf8 33. Re6 Qf1# {RequenaPaulin est échec et mat} 0-1